| 000 | 00557nam a2200229Ia 4500 | ||
|---|---|---|---|
| 005 | 20250425161623.0 | ||
| 008 | 250425s9999 xx 000 0 und d | ||
| 020 | _a025602992X | ||
| 041 | _aeng | ||
| 082 | _a001.6 | ||
| 100 | _aJANARO, RALPH E. | ||
| 245 | 0 | _aSTUDY GUIDE TO ACCOMPANY PRINCIPLES OF DATA PROCESSING | |
| 250 | _aS.E. | ||
| 260 |
_aEstados Unidos _bRICHARD D. IRWIN _c1981 |
||
| 260 | _aHOMEWOOD | ||
| 300 | _a339 | ||
| 650 | _aHARDWARE | ||
| 650 | _aPROCESO DE DATOS | ||
| 650 | _aSOFTWARE | ||
| 942 | _c01 | ||
| 010 | _a24406 | ||
| 999 |
_c212727 _d212727 |
||